Statistics for Sacramento Kings NBA Playoffs Leaders Per Year

Click here to take the quiz!

General Stats

  • This quiz has been taken 307 times
    (122 since last reset)
  • The average score is 10 of 43

Answer Stats

Player% Correct
De'Aaron Fox
99%
Domantas Sabonis
95%
Oscar Robertson
86%
Chris Webber
80%
Mike Bibby
68%
Peja Stojakovic
68%
Vlade Divac
60%
Mitch Richmond
45%
Jerry Lucas
40%
Nate Archibald
35%
Eddie Johnson
33%
Doug Christie
29%
Kevin Huerter
29%
Brad Miller
21%
Jack Twyman
21%
Reggie Theus
16%
LaSalle Thompson
13%
Kenny Thomas
11%
Sam Lacey
10%
Arnie Risen
9%
Bobby Wanzer
9%
Bob Davies
9%
Bonzi Wells
9%
George King
9%
Otis Birdsong
9%
Reggie King
9%
Scott Wedman
9%
Wayne Embry
8%
Olden Polynice
6%
Phil Ford
6%
Brian Grant
5%
Billy Owens
4%
Jack Coleman
4%
Sarunas Marciulionis
4%
Scot Pollard
4%
Larry Drew
3%
Mike Woodson
3%
Jack McMahon
2%
Bill Calhoun
1%
Bill Robinzine
1%
Brian Skinner
1%
Ernie Grunfeld
1%
Larry Micheaux
0%

Score Distribution

Percentile by Number Answered

Percent of People with Each Score

Your Score History

You have not taken this quiz since the last reset